000 00474nam a2200181Ia 4500
008 090124s9999 xx 000 0 und d
082 _b12702
100 _aराजे शैलजा
245 _a दसरा
250 _a0
260 _bअनमोल प्रकाशन
_c1976
300 _a115
600 _aराजे शैलजा
630 _a दसरा
700 _aराजे शैलजा
730 _a दसरा
942 _cBOOK
999 _c87180
_d87180